Докладная записка Л. П. Берии И. В. Сталину о проведении за границей работ по использованию атомной энергии урана в военных целя...

RUSMARC
00003827cbm0a2200265#x 450
0015f97fcfb-80c2-4f92-aa2c-308c178df793
00520221223114046.0
100##$a20221223j19421006k###0rusy50 ca
1012#$arus
102##$aRU
105##$ay###z########
1220#$ad19421006##
2001#$aДокладная записка Л. П. Берии И. В. Сталину о проведении за границей работ по использованию атомной энергии урана в военных целях, о целесообразности и возможных мероприятиях по проведению подобных работ в СССР
$j6 октября 1942 г.
251##$cДокумент
300##$aПодлинник
461#0$12001
$aФ. 82
$1251
$cФонд
$1852
$j82
462#0$12001
$aОп. 2
$1251
$cОпись
$1852
$j2
462#0$12001
$aД. 941
$vЛ. 1-2
$1251
$cДело
$1852
$j941
605##$2prlib_sh
$3LIBNET\UAF\0000088514
$aВторая мировая война в архивных документах (Комплекс оцифрованных архивных документов, кино- и фотоматериалов)
$lколлекция
686##$a63.3(2)622,11ю11
$vLBC/M
$2rubbk
801#0$aRU
$bПБ им. Б.Н. Ельцина
$c20221223
801#1$aRU
$bПБ им. Б.Н. Ельцина
$c20221223
$2rusmarc
801#2$aRU
$bПБ им. Б.Н. Ельцина
$c20221223
$2rusmarc
850##$aРоссийский государственный архив социально-политической истории
852##$aРГАСПИ
$jЛ. 1-2
035##$aLIBNET\0001299007
937##$d181720380
$hФедеральное архивное агентство
8564#$uhttp://readingroom.main.prlib.ru/item.aspx?id_node=n181720380&mode=full
Формат отображения